Výroba lihovin

Saved in:
Bibliographic Details
Main Author: Grégr, Vratislav
Format: Book
Language:Undetermined
Published: Praha SNTL 1974
Online Access:View in OPAC
Tags: Add Tag
No Tags, Be the first to tag this record!

MARC

LEADER 00000nam a2200000 a 4500
005 20260127134033.0
008 970120s1974 xx 0 und c
035 |a vtls001272454 
035 |a SNK000223593 
039 9 |a 200710151058  |b mschk02  |y 200412271156  |z VLOAD 
040 |a SNK  |b slo  |c SNK  |d STUSCHK1  |e AACR2 
100 1 |a Grégr, Vratislav 
245 1 |a Výroba lihovin 
260 |a Praha  |b SNTL  |c 1974 
300 |a 414 s. 
910 |a SCHK95 
999 |c 2580  |d 2580 
942 0 0 |0 3